| 000 | 00394nam a22001697a 4500 | ||
|---|---|---|---|
| 003 | CEME | ||
| 005 | 20210628203110.0 | ||
| 008 | 210120b xxu||||| |||| 00| 0 eng d | ||
| 020 | _a9698464220 | ||
| 040 | _c. | ||
| 082 | _a158 SEY | ||
| 100 |
_aFaiz Hasan Sial _963300 |
||
| 245 | _aChange your lens change your world | ||
| 260 |
_aLAHORE _bPDF _c2005 |
||
| 300 | _a249P | ||
| 942 |
_cBK _2ddc |
||
| 999 |
_c572167 _d572167 |
||